000
00302nam a2200109 4500
999
_c
12366
_d
12366
008
190123b ||||| |||| 00| 0 eng d
245
_a
Gov't employees urged to observe 4 p.m. habit.
260
_a
Davao City
_b
Sun Star Davao
_c
c2018
300
_a
page 12.
650
0
_9
34903
_a
Dengue.
942
_2
ddc
_c
PER